| Поле | Инд. | ПП | Название | Значение |
|---|---|---|---|---|
| Тип записи | a | |||
| Библиографический уровень | m | |||
| 001 | Контрольный номер | 0768e302-4d17-4fd5-909a-b01177124010 | ||
| 005 | Дата корректировки | 20140703172728.2 | ||
| 008 | Кодируемые данные | 090204 | ||
| 020 | c | Цена, тираж | б/ц | |
| 040 | a | Служба первич. каталог. | НБ ТвГУ | |
| 041 | a | Код языка текста | rus | |
| 080 | a | Индекс УДК | 1(470)(091)(043.3) | |
| a | Индекс УДК | 821.161.1.09(043.3) | ||
| a | Индекс УДК | 929Белый | ||
| 084 | a | Индекс другой классификации/Индекс ББК | Ю3(2)61-63я031 | |
| a | Индекс другой классификации/Индекс ББК | Ш5(2=411.2)6-4Белый А.33я031 | ||
| 090 | x | Авторский знак | М13 | |
| a | Полочн. индекс | Ю3(2)61 | ||
| 100 | 1_ | a | Автор | Мазур Лариса Эдвартовна |
| 245 | 10 | a | Заглавие | Тотальный символизм А. Белого как программа конструирования социокультурной реальности |
| b | Продолж. заглавия | дис. ... канд. филос. наук : 09.00.03 | ||
| 260 | 1_ | a | Место издания | Тверь |
| c | Дата издания | 2008 | ||
| 300 | a | Объем | 136 с. | |
| 500 | a | Примечание | На правах рукоп. | |
| 504 | a | Библиография | Библиогр.: с.127-136 и в подстроч. примеч. | |
| 583 | a | Действие | Получение впервые 9 03.02.2009 | |
| 650 | a | Основная рубрика | Белый, Андрей, о нем | |
| 650 | a | Основная рубрика | Философия | |
| x | Основная подрубрика | История | ||
| y | Хронологическая подрубрика | 19-20 вв. | ||
| z | Географическая подрубрика | Россия | ||
| 650 | a | Основная рубрика | Русская философия | |
| 650 | a | Основная рубрика | Символизм | |
| 650 | a | Основная рубрика | Русская литература | |
| 653 | a | Ключевые слова | Белый | |
| a | Ключевые слова | Русская философия | ||
| a | Ключевые слова | История философии | ||
| a | Ключевые слова | Философия культуры | ||
| a | Ключевые слова | Символизм | ||
| a | Ключевые слова | Русская литература | ||
| a | Ключевые слова | Поэты | ||
| a | Ключевые слова | Русские поэты | ||
| a | Ключевые слова | Писатели | ||
| a | Ключевые слова | Русские писатели | ||
| a | Ключевые слова | Диссертации | ||
| a | Ключевые слова | Персоналии | ||
| 852 | t | Порядковый номер экземпляра | 1 | |
| p | Инвентарный номер | б/н | ||
| 888 | a | Бесплатные | ||
| 930 | a | Новая/Ретро | персоналии | |
| a | Новая/Ретро | диссертации | ||
| 952 | p | 9.2009 б/ц 1 б/н | ||
| c | Вид литературы | Дис н | ||
| 954 | a | Дата поступления на обработку | 20090211 | |
| 999 | a | Подразделение 2 | ч.з. |